Dunder Mifflin Employees *Difficult Quiz Stats

Quiz not verified by Sporcle

Also try: Buffy Characters
Challenge
Share
Tweet
Embed
Score 0/29 Timer 06:00
0 Plays Today
Hint Answer % Correct
Who was found to be working at a bowling alley?Ryan
91%
Who is the captain of team Voldemort on beach day?Jim
90.7%
Who wore a women's suit to work?Michael
86.7%
Who is the creator of the Finer Things club?Pam
85.7%
Who tore their scrotum at Jim and Pam's wedding?Andy
84.2%
Who performed a skit with Michael at the company picnic?Holly
83.9%
Who keeps beans on a damp paper towel in their desk?Creed
83.5%
Who is the face of rabies?Meredith
82.8%
Who had an affair with their nurse?Stanley
82.4%
Whose invention-in-the-raw is Suck It?David
80.3%
Who serves in the jury for the case of the Scranton strangler?Toby
79.6%
Who received the 12 days of Christmas for their Secret Santa gift?Erin
79.2%
Who enjoys making candles as their pasttime?Jan
78.5%
Who considers Darryl to be the most complicated man they've ever met?Kelly
77.8%
Who refuses to buy anything at Victoria's Secret on Women's Appreciation Day?Angela
77.4%
Hint Answer % Correct
Who threw out their back at Cafe Disco?Phyllis
77.4%
Who left their girlfriend at a hockey game on their first date?Roy
76.7%
Who called out sick on spring cleaning day at the office?Oscar
73.1%
Who considers women who wear glasses a turn-on?Kevin
71.3%
Who paid $1000 for a hug at CrimeAid?Bob
71%
Who was able to sneeze with their eyes open?Dwight
71%
Who was responsible for the awful smell in Michael's office?Todd
70.6%
Who served as Jan's assistant at corporate?Hunter
69.9%
Who owns over 200 horror movies?Gabe
62.7%
Who bought Holly a Woody doll from Toy Story?A.J.
62.7%
Who records their answering machine in an Italian accent?Karen
58.8%
Who tells Michael that he leads a cushy nerf-life?Darryl
53.4%
Who has had nightmares ever since 'the storm'?Mose
53.4%
Who played the nurse in Threat Level Midnight?Helene
42.7%

You're not logged in!

Compare scores with friends on all Sporcle quizzes.
Join for Free
OR
Log In

You Might Also Like...

Show Comments

Extras

Created Mar 8, 2012ReportNominate
Tags:The Office Quiz

Top Quizzes Today


Score Distribution

Your Account Isn't Verified!

In order to create a playlist on Sporcle, you need to verify the email address you used during registration. Go to your Sporcle Settings to finish the process.

Report this User

Report this user for behavior that violates our Community Guidelines.

Details: